Wujūh al-Madīnah, (Record no. 49010)

MARC details
000 -LEADER
fixed length control field 00902cam a22002771 4500
001 - CONTROL NUMBER
control field ne 66001279
003 - CONTROL NUMBER IDENTIFIER
control field DLC
005 - DATE AND TIME OF LATEST TRANSACTION
control field 20260227111824.0
008 - FIXED-LENGTH DATA ELEMENTS--GENERAL INFORMATION
fixed length control field 960614s1962 ku a 000 0 arar
010 ## - LIBRARY OF CONGRESS CONTROL NUMBER
LC control number ne 66001279
025 ## - OVERSEAS ACQUISITION NUMBER
Overseas acquisition number PL480:UAR-2682
035 ## - SYSTEM CONTROL NUMBER
System control number (OCoLC)34932523
040 ## - CATALOGING SOURCE
Original cataloging agency DLC
Transcribing agency CLU
Modifying agency DLC
041 0# - LANGUAGE CODE
Language code of text/sound track or separate title araeng
042 ## - AUTHENTICATION CODE
Authentication code premarc
050 00 - LIBRARY OF CONGRESS CALL NUMBER
Classification number NC319.K83
Item number S5
100 1# - MAIN ENTRY--PERSONAL NAME
Personal name Shibr, Sābā Jūrj,
Dates associated with a name 1923-
245 10 - TITLE STATEMENT
Title Wujūh al-Madīnah,
Statement of responsibility, etc. bi-Qalam wa-Rishat Sāba Jūrj Shibr.
246 15 - VARYING FORM OF TITLE
Title proper/short title Faces of the city, text and sketches by Saba George Shiber
260 ## - PUBLICATION, DISTRIBUTION, ETC.
Place of publication, distribution, etc. [al-Kuwayt]
Name of publisher, distributor, etc. Dīwān al-Muwaẓafīn
Date of publication, distribution, etc. [1962]
300 ## - PHYSICAL DESCRIPTION
Extent 1 v. (chiefly illus.)
Dimensions 24 cm.
500 ## - GENERAL NOTE
General note Mulḥaq Majalat al-Muwaẓaf, al-ʻAdad al-Sābiʻ Yūlyū 1962.
500 ## - GENERAL NOTE
General note Arabic and English.
650 #0 - SUBJECT ADDED ENTRY--TOPICAL TERM
Topical term or geographic name entry element Cities and towns
Form subdivision Pictorial works.
730 0# - ADDED ENTRY--UNIFORM TITLE
Uniform title Majallat al-muwaẓẓaf.
Form subheading Supplement.

No items available.

Powered by Koha